Statystyki dla Mistrzostwa Świata w piłce nożnej kobiet 2023 (grupy)

Kliknij tutaj aby rozwiązać quiz!

Ogólne statystyki

  • Ten quiz został rozwiązany 36 razy
  • Średni wynik to 23 z 32

Statystyki odpowiedzi

Grupa% Poprawnych
Grupa FBrazylia
97%
Grupa CHiszpania
97%
Grupa GSzwecja
97%
Grupa HNiemcy
94%
Grupa EStany Zjednoczone
94%
Grupa BAustralia
91%
Grupa EPortugalia
91%
Grupa DAnglia
88%
Grupa GArgentyna
88%
Grupa FFrancja
88%
Grupa CJaponia
88%
Grupa GWłochy
88%
Grupa DChiny
84%
Grupa BKanada
84%
Grupa ANorwegia
84%
Grupa ANowa Zelandia
84%
Grupa EHolandia
81%
Grupa DDania
78%
Grupa HKolumbia
75%
Grupa HKorea Południowa
72%
Grupa ASzwajcaria
66%
Grupa GRepublika Południowej Afryki
63%
Grupa BNigeria
59%
Grupa BIrlandia
56%
Grupa FPanama
56%
Grupa HMaroko
47%
Grupa CKostaryka
44%
Grupa DHaiti
41%
Grupa EWietnam
38%
Grupa AFilipiny
31%
Grupa FJamajka
28%
Grupa CZambia
25%

Rozkład punktacji

Percentyl według liczby udzielonych odpowiedzi

Procent ludzi z każdym wynikiem

Twoja historia wyników

Nie rozwiązałeś tego quizu